Management Accounting: Concepts and Cases (Record no. 4551)
[ view plain ]
| 000 -LEADER | |
|---|---|
| fixed length control field | 00335nam a2200145Ia 4500 |
| 008 - FIXED-LENGTH DATA ELEMENTS--GENERAL INFORMATION | |
| fixed length control field | 191201s2010 xx 000 0 und d |
| 082 ## - DEWEY DECIMAL CLASSIFICATION NUMBER | |
| Classification number | 657 |
| Item number | KHM |
| 100 ## - MAIN ENTRY--PERSONAL NAME | |
| Personal name | KHAN,M Y |
| 245 #0 - TITLE STATEMENT | |
| Title | Management Accounting: Concepts and Cases |
| 250 ## - EDITION STATEMENT | |
| Edition statement | Rep |
| 260 ## - PUBLICATION, DISTRIBUTION, ETC. (IMPRINT) | |
| Place of publication, distribution, etc | N. Delhi |
| Name of publisher, distributor, etc | TMH |
| Date of publication, distribution, etc | 2010 |
| 300 ## - PHYSICAL DESCRIPTION | |
| Extent | MISC |
| 650 ## - SUBJECT ADDED ENTRY--TOPICAL TERM | |
| Topical term or geographic name as entry element | BBA |
| 942 ## - ADDED ENTRY ELEMENTS (KOHA) | |
| Source of classification or shelving scheme | Dewey Decimal Classification |
| Koha item type | Text Books |
| Withdrawn status | Lost status | Source of classification or shelving scheme | Damaged status | Not for loan | Collection code | Home library | Current library | Date acquired | Source of acquisition | Cost, normal purchase price | Bill Number | Total Checkouts | Full call number | Acc. no. / Barcode | Date last seen | Bill Date | Koha item type | Date last borrowed |
|---|---|---|---|---|---|---|---|---|---|---|---|---|---|---|---|---|---|---|
| Dewey Decimal Classification | BBA | PIET C-LIBRARY | PIET C-LIBRARY | 15/07/2010 | The book company | 485.00 | IN-1486 | 658.1511 KHM | 15605 | 04/12/2019 | 07/06/2010 | Text Books | ||||||
| Dewey Decimal Classification | BBA | PIET C-LIBRARY | PIET C-LIBRARY | 15/07/2010 | The book company | 485.00 | IN-1486 | 1 | 658.1511 KHM | 15606 | 11/10/2022 | 07/06/2010 | Text Books | 04/10/2022 | ||||
| Dewey Decimal Classification | BBA | PIET C-LIBRARY | PIET C-LIBRARY | 15/07/2010 | The book company | 485.00 | IN-1486 | 658.1511 KHM | 15607 | 04/12/2019 | 07/06/2010 | Text Books | ||||||
| Dewey Decimal Classification | BBA | PIET C-LIBRARY | PIET C-LIBRARY | 15/07/2010 | The book company | 485.00 | IN-1486 | 658.1511 KHM | 15608 | 04/12/2019 | 07/06/2010 | Text Books | ||||||
| Dewey Decimal Classification | BBA | PIET C-LIBRARY | PIET C-LIBRARY | 15/07/2010 | The book company | 485.00 | IN-1486 | 658.1511 KHM | 15609 | 04/12/2019 | 07/06/2010 | Text Books | ||||||
| Dewey Decimal Classification | BBA | PIET C-LIBRARY | PIET C-LIBRARY | 15/07/2010 | The book company | 485.00 | IN-1486 | 658.1511 KHM | 15610 | 04/12/2019 | 07/06/2010 | Text Books |